000 00475nam a2200097Ia 4500
008 170517s9999 xx 000 0 und d
245 _aBuying the War
300 _aOver a decade ago Bush administration forced the United States into a war so poorly prepared and executed it soon turned into a complete catastrophe. The fact of how the bureaucrats misled the country has been already expressed, but...
650 _xMedia.
856 _uhttp://topdocumentaryfilms.com/buying-war/
999 _c333529
_d333529